000 00977nam a22003015i 4500
001 21790018
003 OSt
005 20250623121559.0
008 201105s2022 cau 000 0 eng
020 _a9781526426628 (paperback)
024 _cUSD 43
040 _aDLC
_beng
_erda
_cDLC
_dNUST
050 _aQA279 ARI
100 1 _aAriel, Barak
_eAuthor
245 1 0 _aExperimental designs /
_cBarak Ariel, Matthew Bland and Alex Sutherland.
260 _aLos Angeles :
_bSAGE,
_c©2021.
300 _axiii, 224 pages ;
_c25 cm.
336 _atext
_btxt
_2rdacontent
337 _aunmediated
_bn
_2rdamedia
338 _avolume
_bnc
_2rdacarrier
440 _aThe SAGE quantitative research kit.
504 _aIncludes bibliographical references and index.
650 _vQuantitative research design.
650 _vResearch design.
700 1 _aBland, Matthew
_eAuthor
700 1 _aSutherland, Alex
_eAuthor
942 _2lcc
_cBOOKS
_hQA279 ARI
_kQA
_mARI
_n0
999 _c172055
_d172055